LEADER 01261nam a2200289 4500 001 000000358569 003 CaOOAMICUS 005 20240729110453.0 008 240605s2021 it a 000 u ita r 020 $a978-88-6679-322-9 040 $aSeMil$bita 100 1 $aBagnoli, Corrado.$0(OLS)http://semarc/name/37708 245 13$aLa casa visitata /$cCorrado Bagnoli ; postfazione di Alessandro Pertosa. 264 1$aPasturana :$bpuntoacapo,$cstampa 2021. 300 $a114 p. :$bill. ;$c17 cm 490 1 $aAltreScritture ;$v175 541 0 $aOmaggio mons. Mario Delpini (1C I 393) 700 1 $aPertosa, Alessandro,$d<1980- >.$0(OLS)http://semarc/name/119801 830 0$aAltreScritture ;$v175.$0(OLS)http://semarc/title/448937 850 $aSeMil 852 $aSeMil$W1$xVenegono$y1$m1C I 393$j249653$B249672$CSeMilBibl$Z2$F249672 $81 941 1 $a7 961 $aOmaggio mons. Mario Delpini. ? Con dedica autografa dell?autore (Corrado Bagnoli) a mons. Mario Delpini Desio, 5 maggio 2024 996 $6020$a978-88-6679-322-9$9(OLS)http://semarc/number/300507 996 $6245$aLa casa visitata$9(OLS)http://semarc/title/448936 996 $6264$aPasturana :$bpuntoacapo$9(OLS)http://semarc/publisher/60375 LEADER 01074nam a2200229 i 4500 001 000000202538 003 CaOOAMICUS 005 20211215101422.0 008 110526s1805 it u000 u ita u 013 $a181248 026 $aI.DI use- a.2. 11eg (3) 1805 (A) 040 $aSeMil$bita 100 1 $aAlighieri, Dante,$d<1265-1321>.$0(OLS)http://semarc/name/453 245 10$a3: Il Paradiso. 300 $a[2], 453, [3] p., [1] carta di tav. :$bill. calcogr. 490 0 $aEdizione delle opere classiche italiane 773 0 $aAlighieri, Dante <1265-1321>$tDivina Commedia di Dante Alighieri illustrata di note da Luigi Portirelli ...$dMilano : Tip. de' Classici Italiani, contrada di S. Margherita, n.° 1118, 1804-1805.$kEdizione delle opere classiche italiane$g3$w()25002 830 0$aEdizione delle opere classiche italiane.$0(OLS)http://semarc/title/33675 850 $aSeMil 852 $aSeMil$W1$xVenegono$y1$m1E I 4 FA$j153061$B153061$CSeMilBibl$Z2$F164051 $8I 996 $6245$a3: Il Paradiso$9(OLS)http://semarc/title/293193